000
00321nam a2200109Ia 4500
008
160531s9999 xx 000 0 und d
100
_a
Keogh, Tom Betsy.
245
_a
Microbiology Demystified, 2nd Edition
245
_c
By:Jim Keogh, Tom Betsy
260
_c
2012
856
_u
http://file.ebook777.com/014/MicDem2ndEdi.rar
999
_c
295449
_d
295449